Διεθνής διοικητική των επιχειρήσεων

Αποθηκεύτηκε σε:
Λεπτομέρειες βιβλιογραφικής εγγραφής
Κύριοι συγγραφείς: Eiteman, David K., Stonehill, Arthur I. (Συγγραφέας), Moffett, Michael H. (Συγγραφέας)
Άλλοι συγγραφείς: Γρηγορίου, Γρηγόρης (Μεταφραστής), Οικονόμου, Ηρακλής (Μεταφραστής), Απέργης, Νικόλας (Επιμελητής έκδοσης)
Μορφή: Βιβλίο
Γλώσσα:Greek
English
Δημοσίευση: Αθήνα : Πεδίο, 2016.
Θέματα:
Ετικέτες: Προσθήκη ετικέτας
Δεν υπάρχουν, Καταχωρήστε ετικέτα πρώτοι!

MARC

LEADER 00000cam a2200000 i 4500
001 1/124178
008 220119t2016####gr | ||| ||| ||gre||
020 |a 9789605466862 
040 |a GR-MyUA  |b gre  |e AACR2 
041 1 |a gre  |h eng 
082 7 |a 658.1599  |2 (23)  
100 1 |a Eiteman, David K. 
245 1 0 |a Διεθνής διοικητική των επιχειρήσεων /   |c D. K. Eiteman, A .I. Stonehill, M. H. Moffett ; Μετάφραση Γρηγόρης Γρηγορίου, Ηρακλής Οικονόμου ; επιστημονική επιμέλεια Νικόλαος Απέργης.  
260 |a Αθήνα :   |b Πεδίο,   |c 2016.  
300 |a 696, [5] σ. :   |b είκ., πιν. ;   |c 28 εκ.  
500 |a Τίτλος πρωτοτύπου: Multinational business finance.  
650 0 |a International business enterprises  |x Finance. 
650 0 |a Business enterprises  |x Finance. 
700 1 |a Stonehill, Arthur I.  |e aut 
700 1 |a Moffett, Michael H.  |e aut 
700 1 |a Γρηγορίου, Γρηγόρης,  |e trl 
700 1 |a Οικονόμου, Ηρακλής,  |e trl 
700 1 |a Απέργης, Νικόλας,  |e edt 
765 0 8 |i Μετάφραση του:   |t Multinational business finance / 
852 |a INST  |b SAMOS  |c EUDOXUS  |e 20220119  |h 658.1599 ΕΙΤ  |p 005300047059  |q 005300047059  |t BK  |y 0 
920 |a Εύδοξος  |b Παραγγελία  |y Σάμος-ΤΣΑΧΜ  |z 2022-01 
970 |a Γουβάλα  |b Βάσω  |z 19-01-2022